000
00275 a2200121 4500
001
146300
040
_c
Escola São Tomás de Aquino
100
_a
SANTOS, Joel Rufino dos
240
1
0
_a
Robin Hood
_l
por
245
1
0
_a
Robin Hood
697
_a
*LITERATURA JUVENIL
942
_c
BK
999
_c
146300
_d
146300